Nákazlivá žltačka líšok

Bibliographic Details
Main Author: Konrád, J. (Author)
Format: Article
Language:Slovak
PhysicalDescription:Obr. 1.
Subjects:

MARC

LEADER 00000nab a2200000 a 4500
001 vtls000398445
003 SK-MaSNL
005 20260302231640.0
008 220422c1990 xo 0 slo
015 |a SNBRB19rr/mm-uuuuu 
035 |a CL0398569 
040 |a SNKBUCL  |b slo  |c SNKBUCL  |e AACR2 
041 0 |a slo 
044 |a xo  |c SK 
080 |a 636.934.2:619.616.36-008.5  |2 1981 
080 |a 619.616.36-008.5  |2 1981 
080 |a 619  |2 1981 
080 |a 616.36-008.5  |2 1981 
100 1 |a Konrád, J.  |4 aut  |9 928431 
245 1 0 |a Nákazlivá žltačka líšok  |c J. Konrád 
300 |b Obr. 1. 
650 0 7 |a líšky  |2 snkbucl  |9 23247 
650 0 7 |a ikterus  |2 snkbucl  |9 93492 
650 0 7 |a leptospiróza  |2 snkbucl  |9 18041 
655 7 |a články z novín a časopisov  |2 snkbucl  |9 267496 
773 0 |t Chovateľ  |g Roč. 26, č. 11 (1990), s. 254 
850 |a Slovenská národná knižnica v Martine  |a MTA001 
852 |a SNK  |b KIS3GCP 
958 |a RK 
958 |a ME 
992 |a RBX 
999 |c 1539607  |d 1541537